136 SPM Model Compositions & Summaries

Bibliographic Details
Main Author: Lim, Anita (Author)
Other Authors: Wan Suraya Ahmed Shakeri (Editor)
Format: Book
Language:English
Published: Petaling Jaya, Selangor : Penerbit Ilmu Bakti Sdn. Bhd. 2020

MARC

LEADER 00000cam a2200000 7i4500
001 0000140361
005 20210414.0
008 200612t20202019my d 000 0 eng d
020 |a 9789674935795 
040 |a PERPUSTAM   |b eng   |c PERPUSTAM   |e rda 
090 0 0 |a 428   |b ANI 
100 1 |a Lim, Anita ,   |e author 
245 1 0 |a 136 SPM Model Compositions & Summaries   |c Anita Lim ; Editor: Wan Suraya Ahmed Shakeri 
246 3 3 |a One hundred thirty six SPM model compositions & summaries 
264 1 |a Petaling Jaya, Selangor :   |b Penerbit Ilmu Bakti Sdn. Bhd.   |c 2020 
264 4 |c ©2019 
300 |a viii, 216 pages ;   |c 25 cm. 
336 |a text  |2 rdacontent 
337 |a unmediated  |2 rdamedia 
338 |a volume  |2 rdacarrier 
500 |a Includes questions and answers 
700 0 |a Wan Suraya Ahmed Shakeri ,   |e editor 
999 |a 0000683214   |b Buku   |c Koleksi Peperiksaan   |e Perbadanan Perpustakaan Awam Melaka 
999 |a 0000683215   |b Buku   |c Koleksi Peperiksaan   |e Perpustakaan Cawangan Jasin 
999 |a 0000683216   |b Buku   |c Koleksi Peperiksaan   |e Perpustakaan Cawangan Masjid Tanah 
999 |a 0000683217   |b Buku   |c Koleksi Peperiksaan   |e Perpustakaan Cawangan Merlimau 
999 |a 0000683218   |b Buku   |c Koleksi Peperiksaan   |e Perbadanan Perpustakaan Awam Melaka 
999 |a 0000683219   |b Buku   |c Koleksi Peperiksaan   |e Perbadanan Perpustakaan Awam Melaka 
999 |a 0000683220   |b Buku   |c Koleksi Peperiksaan   |e Perpustakaan Komuniti UTC Melaka 
999 |a 0000683221   |b Buku   |c Koleksi Peperiksaan   |e Perbadanan Perpustakaan Awam Melaka 
999 |a 0000683222   |b Buku   |c Koleksi Peperiksaan   |e Perbadanan Perpustakaan Awam Melaka 
999 |a 0000683223   |b Buku   |c Koleksi Peperiksaan   |e Perbadanan Perpustakaan Awam Melaka 
999 |a 0000683224   |b Buku   |c Koleksi Peperiksaan   |e PERPUSTAKAAN PENJARA SUNGAI UDANG 
999 |a 0000683225   |b Buku   |c Koleksi Peperiksaan   |e Perbadanan Perpustakaan Awam Melaka 
999 |a 0000683226   |b Buku   |c Koleksi Peperiksaan   |e Perbadanan Perpustakaan Awam Melaka 
999 |a 0000683227   |b Buku   |c Koleksi Peperiksaan   |e Perbadanan Perpustakaan Awam Melaka 
999 |a 0000683228   |b Buku   |c Koleksi Peperiksaan   |e Perbadanan Perpustakaan Awam Melaka 
999 |a 0000683229   |b Buku   |c Koleksi Peperiksaan   |e Perbadanan Perpustakaan Awam Melaka 
999 |a 0000683230   |b Buku   |c Koleksi Peperiksaan   |e Perbadanan Perpustakaan Awam Melaka 
999 |a 0000683231   |b Buku   |c Koleksi Peperiksaan   |e Perbadanan Perpustakaan Awam Melaka 
999 |a 0000683232   |b Buku   |c Koleksi Peperiksaan   |e Perbadanan Perpustakaan Awam Melaka 
999 |a 0000683233   |b Buku   |c Koleksi Peperiksaan   |e Perbadanan Perpustakaan Awam Melaka 
999 |a 0000683234   |b Buku   |c Koleksi Peperiksaan   |e Perbadanan Perpustakaan Awam Melaka 
999 |a 0000683235   |b Buku   |c Koleksi Peperiksaan   |e Perbadanan Perpustakaan Awam Melaka